| 000 | 01956nam0a2200361 4500 | ||
|---|---|---|---|
| 001 | RU\NLR\bibl\1809572 | ||
| 005 | 20260405130120.0 | ||
| 010 |
_a978-5-91160-042-6 _92000 |
||
| 021 |
_aRU _b2011-62667 _94395 |
||
| 035 | _a(NLR Aleph) 001800198 | ||
| 090 |
_a1791263 _c1791263 |
||
| 100 | _a20110915d2011 |||y0rusy50 ca | ||
| 101 | 1 |
_arus _cger |
|
| 102 | _aRU | ||
| 105 | _aa ||||||||| | ||
| 200 | 1 |
_aУчебник по системной терапии и консультированию _fАрист фон Шлиппе, Йохан Швайтцер _g[пер. с нем.: проф. А. Фильц, Н. Бреславская] |
|
| 210 |
_aМосква _cИнститут консультирования и системных решений _d2011 |
||
| 215 |
_a354, [1] с. _cил. _d22 |
||
| 225 | 1 | _aСистемная терапия и консультирование | |
| 300 | _aПер. изд.: Lehrbuch der systemischen Therapie und Beratung / Arist von Schlippe, Jochen Schweitzer. - Göttingen, 2003 | ||
| 320 | _aБиблиогр. в конце кн. (746 назв.) | ||
| 454 | 0 |
_12001#$aLehrbuch der systemischen Therapie und Beratung _1700#1$3RU\NLR\auth\7751289$7ba$aSchlippe$bA. von$f1951-$gArist von$4070 _1701#1$3RU\NLR\auth\7751291$7ba$aSchweitzer$bJo.$f1954-$gJochen$4070 _1210##$aGöttingen$d2003 _tLehrbuch der systemischen Therapie und Beratung _aSchlippe, Arist von (1951-) |
|
| 606 | 1 |
_aПсихотерапия _jУчебники для высших учебных заведений _9915280 _3RU\NLR\auth\6615398 |
|
| 686 | _aР357.1я73-1 | ||
| 686 | _aЮ948.1-82я73 | ||
| 700 | 1 |
_4070 _8rus _7ca _aШлиппе _bА. фон _f1951- _gАрист фон _3RU\NLR\auth\7751288 _934222 |
|
| 701 | 1 |
_4070 _8rus _7ca _aШвайтцер _bЙ. _f1954- _gЙохан _3RU\NLR\auth\7751290 _934224 |
|
| 801 | 0 |
_aRU _bNLR _c20110915 _gRCR |
|
| 801 | 1 |
_aRU _bNLR _c20110915 |
|
| 942 | _cBOOK | ||
| 980 | _aNB | ||
| 980 | _aNBR | ||